000 00627nam a2200181Ia 4500
008 151202s9999||||xx |||||||||||||| ||und||
082 _bPNVM-63221
100 _aभारद्वाज मंदाकिनी.
245 _aधोक्याचं वळण.
260 _b"शिवम प्रकाशन ,पुणे."
260 _c63221
300 _a162
600 _aभारद्वाज मंदाकिनी.
630 _aधोक्याचं वळण.
700 _aभारद्वाज मंदाकिनी.
730 _aधोक्याचं वळण.
942 _cBOOK
999 _c1329755
_d1329752